000 00356nam a2200133Ia 4500
008 240624s9999 xx 000 0 und d
041 _aeng
082 _a332.6327 PAR
100 _aPARAMESWARAN SUNIL K
245 _aMUTUAL FUNDS AND RETIREMENT PLANNING
260 _c2010
_aNew Delhi
_bTata McGraw-Hill
300 _a101 : p. : cm. ; 22
365 _cRS
_b33
999 _c25690
_d25690